000
00335 a2200157 4500
001
188262
020
_a
85-88017-03-2
040
_c
Magnum
100
_a
Aquino, Eduardo Andrade
240
1
0
_a
Bem-vindo à vida
_l
por
245
1
0
_a
Bem-vindo à vida
300
_a
150
362
0
_a
2001
697
_a
LITERATURA GERAL
942
_c
BK
999
_c
188262
_d
188262